000 00331nam a2200121Ia 4500
008 220204s9999 xx 000 0 und d
082 _a595.722
_bCOR
100 _aCORNWELL, P B
245 0 _aCockroach: A laboratory insect and an industrial pest. V 1.
260 _aLondon
_bHutchinson
_c1968
650 _aCockroaches
942 _cBK
999 _c26595
_d26595